000 00876nam0a2200289 4500
001 RU\NLR\bibl\427233
005 20250622175541.0
010 _a5-17-008608-3
_95000
021 _aRU
_b2003-38024
_91801
035 _a(NLR Aleph) 000421115
090 _a695582
_c695582
100 _a20030808d2003 |||y0rusy50 ca
101 1 _arus
_ceng
102 _aRU
105 _ay |||||||||
200 1 _aМилая мятежница
_eРоман
_fКонстанс Холл
_g[Пер. с англ. А.П. Кашина]
210 _aМ.
_cАСТ
_d2003
215 _a319 с.
_d17
225 1 _aОчарование
_vВып. 252
225 1 _aМини Шарм
686 _aШ6(7США)67-440.4{Лх1979-50}
700 1 _aХолл
_bК.
_gКонстанс
_4070
801 0 _aRU
_bNLR
_c20030808
_gPSBO
801 1 _aRU
_bNLR
_c20030808
942 _cBOOK
980 _aNB